01143nmc a2200349 a 4500003000900000005001700009008004100026040001300067245006000080250001200140260002500152300003800177490004100215500005200256504003100308650002500339650002400364650003100388650002700419650003000446650002700476650003200503653002900535653002800564700004100592700002200633700002300655700002400678700002600702800003400728800003100762AR-BaBNM20251128204726.0045119s1993 ||||||||||||||000 | spa|| cAR-BaBNM10aEl tiempo educativo y escolarbestudio interdisciplinar a1ª ed. aBarcelonabPPUc19930 a266 p.bcuadros, gráfs., tablas 0aUniversita. Psicopedagógicavv. 360 aPPU: PROMOCIONES Y PUBLICACIONES UNIVERSITARIAS aBibliografía: p. 265-266 4aORGANIZACION ESCOLAR 4aCENTROS PEDAGOGICOS 4aPSICOLOGIA DE LA EDUCACION 4aADMINISTRACION ESCOLAR 4aFILOSOFIA DE LA EDUCACION 4aPROCESO DE APRENDIZAJE 4aRENDIMIENTO DE LA EDUCACION 0aINSTITUCIONES EDUCATIVAS 0aINVESTIGACION EDUCATIVA1 aFermoso Estébanez, Pacianoeeditor1 aAsensio, Josep M.1 aEstaún, Santiago1 aGairín, Joaquín1 aMèlich, Joan-Carles1 aGairín, Joaquínedirector1 aPérez, Antonioedirector